书目信息 |
| 题名: |
环境保护文件选编
|
|
| 作者: | ;环境保护部 编 | |
| 分册: | 2009中册 | |
| 出版信息: | 北京 中国环境出版社 2014 |
|
| 页数: | 3册(1132页) | |
| 开本: | 26cm | |
| 丛书名: | ||
| 单 册: | ||
| 中图分类: | X-012 | |
| 科图分类: | ||
| 主题词: | 环境保护--文件--中国--2009--汇编 , 文件 , 环境保护 | |
| 电子资源: | ||
| ISBN: | 978-7-5111-1229-3 | |
| 000 | 00810nam0 2200241 450 | |
| 001 | 142322 | |
| 005 | 20141220160042.14 | |
| 010 | @a978-7-5111-1229-3@dCNY 86.66 | |
| 100 | @a20140716d2014 em y0chiy50 ea | |
| 101 | 0 | @achi |
| 102 | @aCN@b110000 | |
| 105 | @ay z 000yy | |
| 200 | 1 | @a环境保护文件选编@9huan jing bao hu wen jian xuan bian@h2009中册@b专著@f环境保护部办公厅编 |
| 210 | @a北京@c中国环境出版社@d2014 | |
| 215 | @a3册(1132页)@d26cm | |
| 330 | @a本书共分四部分,主要内容包括:国务院有关环境保护文件、环境保护部与有关部委联合发文、环境保护部令、环境保护部公告等。 | |
| 606 | 0 | @a环境保护@x文件@y中国@z2009@j汇编 |
| 606 | 0 | @a文件 |
| 606 | 0 | @a环境保护 |
| 690 | @aX-012@v5 | |
| 711 | 02 | @a环境保护部@9huan jing bao hu bu@b办公厅@4编 |
| 801 | 0 | @c20141220 |
| 905 | @a241430@dX-012@eH7841:2 | |
| 环境保护文件选编.2009中册/环境保护部办公厅编.-北京:中国环境出版社,2014 |
| 3册(1132页);26cm |
| ISBN 978-7-5111-1229-3:CNY 86.66 |
| 本书共分四部分,主要内容包括:国务院有关环境保护文件、环境保护部与有关部委联合发文、环境保护部令、环境保护部公告等。 |
| ● |
| 相关链接 |
|
|
|
正题名:环境保护文件选编
索取号:X-012/H7841:2
 
预约/预借
| 序号 | 登录号 | 条形码 | 馆藏地/架位号 | 状态 | 备注 |
| 1 | 1134581 | 211345819 | 自科二线400A/400A自科库 28排3列2层/ [索取号:X-012/H7841:2] | 在馆 |